Khía cạnh Văn hoá - Xã hội của kiến trúc : Một số chuyên đề mở rộng nâng cao phục vụ đào tạo Kiến trúc sư và Thạc sỹ kiến trúc

Mội dung sách giới thiệu văn hóa quần cư và bản sắc kiến trúc, thuật phong thuỷ và kiến trúc bền vững Phương Đông, xã hội học và kiến trúc. Nhà ở xã hội và cấu trúc gia đình Việt Nam, tổ chức môi trường tại các đô thị, tổ chức kho...

ver descrição completa

Na minha lista:
Detalhes bibliográficos
Formato: Livro
Idioma:Undetermined
Publicado em: Hà Nội Xây dựng 2008
Assuntos:
Tags: Adicionar Tag
Sem tags, seja o primeiro a adicionar uma tag!
Thư viện lưu trữ: Trung tâm Học liệu Trường Đại học Cần Thơ
LEADER 01271nam a2200217Ia 4500
001 CTU_168809
008 210402s9999 xx 000 0 und d
020 |c 75000 
082 |a 720.103 
082 |b Kh301 
245 0 |a Khía cạnh Văn hoá - Xã hội của kiến trúc : 
245 0 |b Một số chuyên đề mở rộng nâng cao phục vụ đào tạo Kiến trúc sư và Thạc sỹ kiến trúc 
245 0 |c Nguyễn Đức Thiềm (sưu tầm và giới thiệu) 
260 |a Hà Nội 
260 |b Xây dựng 
260 |c 2008 
520 |a Mội dung sách giới thiệu văn hóa quần cư và bản sắc kiến trúc, thuật phong thuỷ và kiến trúc bền vững Phương Đông, xã hội học và kiến trúc. Nhà ở xã hội và cấu trúc gia đình Việt Nam, tổ chức môi trường tại các đô thị, tổ chức không gian công cộng và dịch vụ đô thị. 
650 |a Architecture and society,Architecture and culture 
650 |x Kiến trúc và xã hội,Kiến trúc và văn hóa 
904 |i Qhieu 
980 |a Trung tâm Học liệu Trường Đại học Cần Thơ